| 000 | 00582nam a2200181Ia 4500 | ||
|---|---|---|---|
| 008 | 100920s9999 xx 000 0 und d | ||
| 082 |
_b94390 _a7 न 05 |
||
| 100 | _aSHARMA ROBIN. | ||
| 245 | _aLEADERSHIP WISDOM FROM THE MONK WHO SOLD HIS FERRARI. | ||
| 260 |
_bJAICO PUBLISHION HOUSE,MUMBAI. _c2005 |
||
| 300 |
_a254 _bसाधी |
||
| 365 | _b195 | ||
| 520 | _aस्टोरी. | ||
| 630 | _aLEADERSHIP WISDOM FROM THE MONK WHO SOLD HIS FERRARI. | ||
| 650 | _aस्टोरी. | ||
| 730 | _aLEADERSHIP WISDOM FROM THE MONK WHO SOLD HIS FERRARI. | ||
| 942 | _cBOOK | ||
| 999 |
_c734833 _d734830 |
||